000 00501nam a2200181Ia 4500
001 11096
003 IN-NITTTR
005 20251114233103.0
008 251113s9999||||xx |||||||||||||| ||eng||
040 _beng
040 _cIN-NITTTR
041 _aeng
082 _a690.12 R274R
100 _aReimbert, Marcel L.
245 0 _aRetaining walls anchorages and sheet piling :
_b theory and practice. /
_cReimbert, Marcel L., Reimbert, Andrew M.
700 _a Reimbert, Andrew M.
942 _2ddc
_cBK
999 _c13732
_d13732